Bienvenue à la Médiathèque de Saint-Andiol
banniere
Accueil Recherche avancée Mon compte
handi1 Rechercher dans le catalogue

Filtre   Mots-clés
  Recherche avancée
 
Lister les dernières nouveautés
 
Lister les livres GROS CARACTERES
 
Lister les périodiques (magazines)

handi1 Sur le vif

Book Cover
Auteur principal : Elizabeth Acevedo
Autres auteurs : Clémentine Beauvais
Titre : Sur le vif
Support : Livres
Langue : Francais
Publié : 2021 Nathan Jeunesse Paris
Genre : Roman (jeunesse)
Collection : Grand format
Sujets :
Étiquettes :
Pas de tags
LEADER 01199nam0a2200229 450
001 16868290
010 |a 978-2-09-259398-1  |b br.  |d 16,95 € 
100 |a 20210309d2021 u u0frey01 ba 
101 1 |a fre  |c fre 
102 |a FR 
200 0 |a Sur le vif  |f Elizabeth Acevedo  |g traduit de l'anglais (Etats-Unis) par Clémentine Beauvais 
207 1 |a   
210 |a Paris  |c Nathan Jeunesse  |d 2021 
215 |a 1 vol. (412 p.)  |c illustrations en noir et blanc  |d 21 cm 
225 1 |a Grand format  |x 2102-2453 
330 |a Emoni, 17 ans, rêve de devenir cheffe dans un restaurant. Mais elle a aussi une petite fille de 2 ans, des cours au lycée et travaille le soir pour aider sa grand-mère à payer ses factures. Convaincue qu'elle ne pourra jamais réaliser son projet, l'ouverture dans son lycée d'un nouveau cours d'arts culinaires pourrait toutefois lui donner l'opportunité de montrer ses talents. Electre 2021 
606 0 |a Cuisine  |x Roman pour la jeunesse 
700 0 |a Acevedo  |b Elizabeth  |4 70 
702 0 |a Beauvais  |b Clémentine  |f 1989-....  |4 730 
900 |a Roman (jeunesse) 
901 |a Adultes 
995 |a Médiathèque  |c Médiathèque  |f 00156010462232  |h 00156010462232  |k J ACE  |o p  |q a  |r az  |e Médiathèque